000 00755cab a2200241 4500
001 ABS54876
008 090401t1996 xxu||||| |||| 00| 0 eng d
035 _a(Sirsi) u12714
041 _aeng
100 _aSpring, M.
245 _aParking neater
260 _c1996
350 _a0
490 _aBuilding
_v261(7938) 26 April 1996, 44-45(2)
520 _aLooks at the slimline construction of a multistorey car park at Stockley Park and how its lack of massive columns allows for more car spaces and no place to hide for would-be muggers.
650 _aCAR SPACES
650 _aMULTI-STOREY CAR PARKS
650 _aSECURITY
650 _aSTOCKLEY PARK
690 _aBUILT ENVIRONMENT-CONSTRUCTION DESIGN
942 _n0
948 _c04/03/1997
999 _c8139
_d8139